000 01110nac a22003737a 4500
001 BR0809742
003 BR-BrBNA
005 20240105123720.0
008 230509b bl.|||m| |||| 00| 0 por d
040 _aBR-BrBNA
_bpor
_cBiblioteca Nacional de Agricultura
072 _aJ11; E16
090 _a1126 BR0809742
100 1 _aBotrel, N.
110 1 _aEMBRAPA Agroindústria de Alimentos, Guaratiba, RJ (Brasil)
_93537
245 1 _aAbacaxi: pós-colheita
250 1 _a2. ed. revista e ampliada
260 3 _aBrasília, DF (Brasil):
_bEMBRAPA Informação Tecnológica,
_c2007.
300 _a58 p.
490 _aSérie Frutas do Brasil (Brazil)
_vno. 5
_x
500 _a8 ref.; 32 illus.
650 _aABACAXI
650 _aVARIEDADE
650 _aFRUTA TROPICAL
650 _aAGRONEGÓCIO
650 _aBENEFICIAMENTO
650 _aCOLHEITA
650 _aPÓS-COLHEITA
650 _aARMAZENAMENTO
650 _aEXPORTAÇÃO
650 _aINDICADOR ECONÔMICO
650 _aPROPRIEDADE FÍSICO-QUÍMICA
909 _a202312
_bLúcia Elande
_c55
_dLúcia Elande
942 _2AGRIS
_n0
_cMS
999 _c296679
_d296679